000 00627nam a2200205 i 4500
001 bg
100 1 _aNOESGEN, Jürgen
245 0 _aVorgespannte Seilnetztragwerke - zum Tragverhalten des quadratischen Netzes mit Randseilen /
_cbericht. von Jürgen Noesgen.
260 _aDüsseldorf :
_bWerner,
_c1977.
490 1 _aWeitgespannte Flächentragwerke ;
_v41
650 9 _aKonstrukcje budowlane
830 _aWeitgespannte Flächentragwerke ;
020 _a3804127134
040 _cBPK
041 _apol
080 _a624.01/.07
920 _a3-8041-2713-4
942 _cKS
008 s pl f |000 0 pol
999 _c27935
_d27935
856 _uhttp://koha.tu.koszalin.pl/cgi-bin/koha/opac-detail.pl?biblionumber=27935
_yKatalog online BPK